000 00923nas a2200253 i 4500
001 2927
003 ES-MaACL
005 20250809062536.0
008 060214c1989 sp a| | 1 ||pa d
022 _a1135-5301
080 _a34(460.27)(094.4)
080 _a35(460.27)(094.4)
245 0 0 _aLegislación de la Comunidad de Madrid.
260 _aPamplona :
_bAranzadi,
_c1989-
300 _a15 v. ;
_c25 cm.
310 _aAnual
362 0 _a1989-
500 _aPara años anteriores véase: Legislación de las Comunidades Autónomas / Instituto de Estudios de Administración Local y: Repertorio de Legislación de las Comunidades Autónomas de Aranzadi.
500 _aA partir de 1990 en parte es continuación de: Repertorio de legislación de las Comunidades Autónomas.
650 1 7 _aDerecho
_2embne
_911602
852 _aES-MaACL
_jHEM-D-206
_xJ-111
_d
866 0 _o1989-2003.
999 _c2927
_d2927